Welcome to the Holygrace Academy Library

Please use search bar below to get started

A CHEESE-COLORED CAMPER (Record no. 8998)

MARC details
000 -LEADER
fixed length control field 00364nam a22001457a 4500
020 ## - INTERNATIONAL STANDARD BOOK NUMBER
ISBN 978-04-3969-139-0
082 ## - DEWEY DECIMAL CLASSIFICATION NUMBER
Classification number 823
Item number STI/C
100 ## - MAIN ENTRY--AUTHOR NAME
Personal name STILTON,GERONIMO
245 ## - TITLE STATEMENT
Title A CHEESE-COLORED CAMPER
246 ## - VARYING FORM OF TITLE
Title proper/short title A CHEESE-COLORED CAMPER
Remainder of title A CHEESE-COLORED CAMPER
260 ## - PUBLICATION, DISTRIBUTION, ETC. (IMPRINT)
Place of publication LONDON
Name of publisher SCHOLASTIC
Year of publication 2022
300 ## - PHYSICAL DESCRIPTION
Number of Pages 111
650 ## - SUBJECT ADDED ENTRY--TOPICAL TERM
Topical Term ENGLISH FICTION
942 ## - ADDED ENTRY ELEMENTS (KOHA)
Koha item type Books
Holdings
Withdrawn status Lost status Collection code Home library Current library Shelving location Date acquired Source of acquisition Cost, normal purchase price Full call number Accession Number Koha item type
    Fiction Main Library Main Library SHELF 4-I GERONIMO STILTON 16/11/2024 PURCHASED 350.00 823 STI/C 13758 Books